|
|
|
|
| LEADER |
00000nam0a2200000 4500 |
| 001 |
297419 |
| 005 |
20231102001015.0 |
| 035 |
|
|
|a (RuTPU)RU\TPU\book\322552
|
| 090 |
|
|
|a 297419
|
| 100 |
|
|
|a 20150608d1975 k y0rusy50 ca
|
| 101 |
0 |
|
|a rus
|
| 102 |
|
|
|a RU
|
| 105 |
|
|
|a a z 001zy
|
| 200 |
1 |
|
|a Региональная оценка ресурсов подземных вод
|f Н. Н. Биндеман [и др.]
|g Академия наук СССР (АН СССР), Институт водных проблем (ИВП)
|
| 210 |
|
|
|a Москва
|c Наука
|d 1975
|
| 215 |
|
|
|a 136 с.
|c ил.
|
| 320 |
|
|
|a Библиогр.: с. 131-134.
|
| 606 |
1 |
|
|a Воды подземные
|x Подсчет и классификация запасов
|2 stltpush
|3 (RuTPU)RU\TPU\subj\3176
|9 31630
|
| 610 |
1 |
|
|a ресурсы
|
| 610 |
1 |
|
|a оценка
|
| 610 |
1 |
|
|a естественные ресурсы
|
| 610 |
1 |
|
|a прогнозы
|
| 610 |
1 |
|
|a артезианские воды
|
| 610 |
1 |
|
|a грунтовые воды
|
| 610 |
1 |
|
|a речные долины
|
| 610 |
1 |
|
|a солоноватые воды
|
| 610 |
1 |
|
|a соленые воды
|
| 610 |
1 |
|
|a искусственные ресурсы
|
| 610 |
1 |
|
|a водохранилища
|
| 675 |
|
|
|a 556.382
|v 3
|
| 701 |
|
1 |
|a Биндеман
|b Н. Н.
|
| 701 |
|
1 |
|a Язвин
|b Л. С.
|
| 701 |
|
1 |
|a Зекцер
|b И. С.
|
| 701 |
|
1 |
|a Ковалевский
|b В. С.
|
| 701 |
|
1 |
|a Боревский
|b Б. В.
|
| 701 |
|
1 |
|a Минкин
|b Е. Л.
|
| 701 |
|
1 |
|a Фаренгольц
|b З. Д.
|
| 701 |
|
1 |
|a Никитин
|b М. Р.
|
| 712 |
0 |
2 |
|a Академия наук СССР (АН СССР)
|b Институт водных проблем (ИВП)
|c (Москва)
|2 stltpush
|3 (RuTPU)RU\TPU\col\11860
|
| 801 |
|
1 |
|a RU
|b 63413507
|c 20150608
|
| 801 |
|
2 |
|a RU
|b 63413507
|c 20161003
|g RCR
|
| 942 |
|
|
|c BK
|